000 00612nam a2200241 a 4500
001 nice12345678
003 IN_TiNIC
005 20260116013712.0
008 050524s1995 lona grp 000 0 eng
020 _a019347X
_c100
082 0 0 _a230.09
_bURB
100 _aUrban, Linwood
245 _aShort History of Christian Thought
260 _aLondan
_bOxford University Press
_c1995
300 _a461p
500 _aincludes index and biblioraphy
505 2 _aIndex
650 _aTheology-Doctrinal-History
700 1 _aUrban, Linwood
902 _bSRS
942 _cBK
999 _c12051
_d12051